00493 2200181 4500001002100000005001500021008004100036020002200077035001900099041000700118082001000125090001400135100001400149245006600163260004600229300002100275650001500296INLIS00000000001282520241224114434241224||||||||| | ||| |||| || |  a978-602-7506-55-8 0010-1224012825 aid0 a371.3 a371.3 SEP0 aKONPRENSI00aPersiapan Menghadapi 10 Paket UJIAN NASIONAL SMA/MA 2012/2013 aBandungbSRIKANDI EMPAT WIDYA UTAMAc2012 a384hlm;21x29.7cm 0aMatematika